Nouvelles de Hollande (Record no. 172432)

MARC details
000 -LEADER
campo de control de longitud fija 00621nam a22001695i 4500
001 - NÚMERO DE CONTROL
campo de control 172432
003 - IDENTIFICADOR DE NÚMERO DE CONTROL
campo de control ES-MaACL
005 - FECHA Y HORA DE LA ÚLTIMA TRANSACCIÓN
campo de control 20230906214919.0
008 - DATOS DE LONGITUD FIJA--INFORMACIÓN GENERAL
campo de control de longitud fija 090706s1915 ne |||| | fre d
245 00 - MENCIÓN DEL TÍTULO
Título Nouvelles de Hollande
Resto del título : La Haye, 1 Septembre 1915, nouvelle serie nº 9 /
Mención de responsabilidad, etc. Nederlandsche Anti-Oorlog Raad.
260 ## - PUBLICACIÓN, DISTRIBUCIÓN, ETC.
Lugar de publicación, distribución, etc. [La Haye :
Nombre del editor, distribuidor, etc. s.n.,
Fecha de publicación, distribución, etc. 1915]
300 ## - DESCRIPCIÓN FÍSICA
Extensión 32 p. ;
Dimensiones 24 cm.
594 ## - Nota al título y mención de responsabilidad
Nota al título y mención de responsabilidad Ejemplar sin portada, datos tomados del principio del texto.
650 14 - PUNTO DE ACCESO ADICIONAL DE MATERIA--TÉRMINO DE MATERIA
Término de materia o nombre geográfico como elemento de entrada Guerra mundial, 1914-1918-
Subdivisión general Opinión pública.
9 (RLIN) 13224
710 2# - ENTRADA AGREGADA--NOMBRE DE ENTIDAD CORPORATIVA
Nombre de entidad corporativa o nombre de jurisdicción como elemento de entrada Nederlandsche Anti-Oorlog Raad.
9 (RLIN) 140962
852 ## - LOCALIZACIÓN
Ubicación ES-MaACL
Número de control de estantería T-1472-F-7
Holdings
Estatus retirado Estado de pérdida Estado de daño No para préstamo Colección Biblioteca de origen Biblioteca actual Ubicación en estantería Fecha de adquisición Fuente de adquisición Total de préstamos Signatura topográfica completa Código de barras Visto por última vez Precio de reemplazo Tipo de ítem Koha
        Colección de folletos Biblioteca del Ateneo de Madrid Biblioteca del Ateneo de Madrid Depósito folletos 06/07/2009     T-1472-F-7 1180954 23/02/2023 23/02/2023 Folleto